000 00864nam a2200301Ia 4500
003 OSt
005 20221006144432.0
006 a|||||r|||| 00| 0
007 ta
008 221006b |||||||| |||| 00| 0 eng d
020 _a033346527X
_c1365.00
020 _a9780333465271
024 _a11,678
037 _cTextual
040 _aEASL
_cEASL
_beng
041 _2eng
_aeng
082 _aV1:19.N88, M9
100 _aDYER Hugh C. Ed.
_9652000
245 0 _aStudy of international relations
_b The state of the art.
260 _aLondon
_bMacmillan London
_c1989
300 _axxii, 404p.
_ccm.
490 _v Oth
650 _a Gen
650 _aForeign - Relations - Research
_9652001
700 _a MANGASARIAN Leon
_9652002
942 _hV1:19.N88, M9
_cTEXL
_2CC
999 _c1079764
_d1079764